000 01224nam1a22002771 4500
001 rc\2883693
005 20110720224016.0
035 _a(NLR Aleph) 007036422
090 _a6054501
_c6054501
100 _a20110720d1927 |||y0rusy50 ca
101 0 _arus
102 _aRU
105 _ay z |||||
200 1 _aВ помощь обществоведу ...
_eВып. 1-
_fПод общ. ред. Комиссии Науч.-методич. совета МОНО в составе А.Н. Дурикина, Ф.Г. Моночиненкова, О.М. Наглис и М.Н. Орлова
_gМоск. отд. нар. образ. Соцвос
210 _aМосква
_cРаботник просвещения
_d1927
_gТип. "Гудок"
215 _d24х16 см
702 1 _aДурикин
_bА. Н.
_4340
702 1 _aМоночиненков
_bФ. Г.
_4340
702 1 _aНаглис
_bО. М.
_4340
702 1 _aОрлов
_bМ. Н.
_4340
710 0 2 _aМосковский губернский отдел народного образования
_bПодотдел социального воспитания
801 0 _aRU
_bNLR
_gpsbo
801 1 _aRU
_bELAR
_2rusmarc
852 _aNLR
_j43/310
942 _cBOOK
980 _aNB